书目信息 |
| 题名: |
林则徐评传
|
|
| 作者: | 林庆元 著 | |
| 分册: | ||
| 出版信息: | 南京 南京大学出版社 2011.04 |
|
| 页数: | 422页 | |
| 开本: | 23cm | |
| 丛书名: | 中国思想家评传丛书 | |
| 单 册: | ||
| 中图分类: | K827=52 | |
| 科图分类: | ||
| 主题词: | ||
| 电子资源: | ||
| ISBN: | 978-7-305-06041-0 | |
| 000 | 00959nam 2200265 450 | |
| 001 | 012011858218 | |
| 005 | 20111205140219.53 | |
| 010 | @a978-7-305-06041-0@dCNY54.00 | |
| 100 | @a20111205d2011 em y0chiy0120 ea | |
| 101 | 0 | @achi |
| 102 | @aCN@b320000 | |
| 105 | @ac a 001yb | |
| 106 | @ar | |
| 200 | 1 | @a林则徐评传@Alin ze xu ping chuan@f林庆元著@Flin qing yuan zhu |
| 210 | @a南京@c南京大学出版社@d2011.04 | |
| 215 | @a422页@c肖像@d23cm | |
| 225 | 2 | @a中国思想家评传丛书@Azhong guo si xiang jia ping chuan cong shu |
| 320 | @a有书目 (第398-402页) 和索引 | |
| 330 | @a本书在论述民族英雄生平的基础上,深入地对其所蕴含的思想进行发掘和研究,着重把他的活动和思想放在从传统到近代,从封建社会到半殖民地社会的过程中来认识。 | |
| 410 | 0 | @12001 @a中国思想家评传丛书 |
| 600 | 0 | @a林则徐,@Alin ze xu,@f1785-1850@x评传 |
| 690 | @aK827=52@v4 | |
| 701 | 0 | @a林庆元@Alin qing yuan@4著 |
| 801 | 0 | @aCN@bQSSK@c20111205 |
| 905 | @b795868@dK827=52@eL547@f1 | |
| 林则徐评传/林庆元著.-南京:南京大学出版社,2011.04 |
| 422页:肖像;23cm.-(中国思想家评传丛书) |
| ISBN 978-7-305-06041-0:CNY54.00 |
| 本书在论述民族英雄生平的基础上,深入地对其所蕴含的思想进行发掘和研究,着重把他的活动和思想放在从传统到近代,从封建社会到半殖民地社会的过程中来认识。 |
| ● |
| 相关链接 |
|
|
|
正题名:林则徐评传
索取号:K827=52/L547
 
预约/预借
| 序号 | 登录号 | 条形码 | 馆藏地/架位号 | 状态 | 备注 |
| 1 | 795868 | 207958682 | 社科库309/309社科库 58排4列3层/ [索取号:K827=52/L547] | 在馆 |